Statistieken voor Belgische arrondissementen

Klik hier om de quiz te nemen!

Algemene statistieken

  • Deze quiz is 87 keer genomen
  • De gemiddelde score is 19 van 43

Antwoordstatistieken

ProvincieAntwoord% Correct
Oost-VlaanderenGent
90%
AntwerpenAntwerpen
85%
/Brussel
82%
LuikLuik
81%
West-VlaanderenBrugge
79%
LimburgHasselt
78%
NamenNamen
75%
Vlaams-BrabantLeuven
74%
HenegouwenBergen
68%
Oost-VlaanderenAalst
63%
LuxemburgAarlen
63%
AntwerpenMechelen
62%
West-VlaanderenOostende
62%
West-VlaanderenKortrijk
60%
HenegouwenCharleroi
56%
West-VlaanderenIeper
53%
Oost-VlaanderenSint-Niklaas
53%
AntwerpenTurnhout
49%
HenegouwenDoornik
44%
LuikVerviers
44%
West-VlaanderenRoeselare
43%
LimburgTongeren
40%
NamenDinant
38%
Vlaams-BrabantVilvoorde
35%
LimburgMaaseik
34%
West-VlaanderenVeurne
34%
HenegouwenAat
32%
Oost-VlaanderenDendermonde
32%
LuxemburgBastenaken
31%
West-VlaanderenDiksmuide
31%
Waals-BrabantNijvel
31%
Oost-VlaanderenEeklo
28%
Oost-VlaanderenOudenaarde
28%
LuikHoei
25%
LuxemburgNeufchateau
25%
West-VlaanderenTielt
25%
LuxemburgMarche-en-Famenne
21%
LuxemburgVirton
21%
NamenPhillippeville
15%
HenegouwenThuin
13%
HenegouwenLouvière
12%
LuikBorgworm
10%
HenegouwenZinnik
10%

Scoreverdeling

Percentiel versus Aantal Correcte Antwoorden

Procent van Mensen met Elke Score

Uw Scoregeschiedenis

U heeft deze quiz nog niet genomen